Sledovanie vzniku geometrických odchýlok v procese výroby rúr v podmienkach ŽP, a. s.
Na minha lista:
| Autor principal: | |
|---|---|
| Outros Autores: | |
| Formato: | Manuscrito Livro |
| Idioma: | eslovaco |
| Publicado em: |
2022
|
| Assuntos: | |
| Acesso em linha: | http://is.stuba.sk/zp/portal_zp.pl?podrobnosti=153369 |
| Tags: |
Sem tags, seja o primeiro a adicionar uma tag!
|
MARC
| LEADER | 00000ntm a22000003a 4500 | ||
|---|---|---|---|
| 001 | stuzp85051 | ||
| 003 | SK-STU | ||
| 005 | 20220702210500.7 | ||
| 007 | ta | ||
| 008 | 150427s2015----xo-----f-mn---000-0-slo-d | ||
| 040 | |a STU |b slo | ||
| 041 | 0 | |a slo | |
| 100 | 1 | |a Dolinský, Lukáš |u 063000 |4 aut |U MTF Materiálovotechnologická fakulta |T MTF Ústav výrobných technológií |X 99642 |U M3000 |Y 83 |7 99642 | |
| 242 | 0 | 1 | |a Monitoring the occurrence of geometric deviations in the process of tube production in the conditions of ŽP, a. s. |y eng |
| 245 | 1 | 0 | |a Sledovanie vzniku geometrických odchýlok v procese výroby rúr v podmienkach ŽP, a. s. |
| 260 | |c 2022 | ||
| 650 | 4 | |a presné oceľové rúry |2 slo | |
| 650 | 4 | |a ťaháreň |2 slo | |
| 650 | 4 | |a výrobný proces |2 slo | |
| 650 | 4 | |a valcovňa |2 slo | |
| 650 | 4 | |a oceľ |2 slo | |
| 650 | 4 | |a geometrické odchýlky |2 slo | |
| 650 | 4 | |a precision steel tubes |2 eng | |
| 650 | 4 | |a drawing mill |2 eng | |
| 650 | 4 | |a rolling plant |2 eng | |
| 650 | 4 | |a steel |2 eng | |
| 650 | 4 | |a geometric deviations |2 eng | |
| 650 | 4 | |a production process |2 eng | |
| 700 | 1 | |a Mojžiš, Milan |4 ths |X 28482 |7 A000028482 | |
| 856 | 4 | |u http://is.stuba.sk/zp/portal_zp.pl?podrobnosti=153369 | |
| 996 | |c M* BP-9315 |l MMSKP |s P |a 0 |w stuzp85051_0001 | ||